00566nam a2200217Ia 4500008004100000020001500041050001200056050001400068100002900082245002500111260002400136260002700160260000900187300002500196300001100221440001300232650002000245650003800265650001300303700003200316170203s9999 xx 000 0 und d a9622582273 a959.921 b.K19 1998 aMaria Serena I. Diokno,  aLife in the Colony / aMandaluyong City :  bAsia Publishing House. c1998 b10 v. : col. ill. ;  c29 cm. vvolume 4 aPhilippines --  aPhilippines -- Social conditions. xHistory. aVillegas, Ramon N., author.